000 01127nam a2200229Ia 4500
999 _c50798
_d50798
001 17750
003 GE_BSU
005 20250616105401.0
008 181216s2015||||ge |||||||||||||| ||geo||
020 _a9789941453045
040 _cGE_BSU
041 _ageo
080 _a634.6(075) ჯ-60
100 _aჯობავა, ტრისტან
_911837
245 _aსუბტროპიკულ მცენარეთა ჯიშთმცოდნეობა :
_bდამხმ. სახელმძღვანელო /
_cტრისტან ჯობავა; რედაქტორი როზა ლორთქიფანიძე.
264 _aქუთაისი :
_b აკაკი წერეთლის სახელმწ. უნ-ტის გამ-ბა,
_c2015.
300 _a140 გვ. :
_bილ.;
_c21 სმ.
504 _aბიბლ.გვ.139-141
653 _aსუბტროპიკული მცენარეების ჯიშები
700 _aლორთქიფანიძე, როზა
_eრედაქტორი
_92506
942 _cBK
_2udc